Normal view
MARC view
- Portugal-Imperio Económico
Entry NOMBRE GEOGRÁFICO
001 - NUMERO DE CONTROL DEL REGISTRO
- Campo de control: 159493
003 - IDENTIFICADOR DEL NUMERO DE CONTROL
- Campo de control: ES-SlBCS
005 - FECHA Y HORA DE LA ULTIMA TRANSACCION
- Campo de control: 20210327224646.0
008 - ELEMENTOS DE LONGITUD FIJA
- Campo de control de longitud fija: 210327|| aca||aabn | a|a d
040 ## - FUENTE DE LA CATALOGACION
- Agencia que crea de manera original el registro: ES-SlBCS
- Agencia que realiza la transcripción: ES-SlBCS
151 ## - ENCABEZAMIENTO - NOMBRE GEOGRAFICO
- Nombre geográfico: Portugal-Imperio Económico
670 ## - FUENTE EN LA QUE SE LOCALIZARON DATOS
- Cita de la fuente: Work cat.: (ES-SlBCS)531397: Pedreira, Jorge M. 159492, To have and to Have not. The Economic Consequences of Empire: Portugal (1415-1822)
